000 00305nam a22001337a 4500
008 170810b xxu||||| |||| 00| 0 eng d
020 _a1418836230
041 _aeng
080 _22ND
_a004
100 _a35
101 _aSHK
245 _aMICROSOFT VISUAL BASIC 2005: REALOADED
_cZAK,D
942 _2udc
_cBK
999 _c23091
_d23091